Výkonnosť podniku - teória a prax
Úspešne rozvíjajúce sa podniky flexibilne reagujúce na meniace sa podmienky podnikania, sledujú a pravidelne vyhodnocujú úroveň podnikovej výkonnosti a investujú do jej zvyšovania. Výkonnosť a stratégia podniku. Prístupy k meraniu výkonnosti podniku. Klasický prístup a ukazovatele finančnej výkonno...
Gespeichert in:
| 1. Verfasser: | |
|---|---|
| Format: | Buchkapitel |
| Sprache: | Slowakisch |
| Schlagworte: | |
| Tags: |
Keine Tags, Fügen Sie das erste Tag hinzu!
|
MARC
| LEADER | 00000naa$a2200000$$$4500 | ||
|---|---|---|---|
| 001 | 0067328 | ||
| 005 | 20240502071816.6 | ||
| 041 | 0 | |a slo | |
| 044 | |a SK | ||
| 245 | 1 | 0 | |a Výkonnosť podniku - teória a prax |c Daniela Rybárová |
| 520 | |a Úspešne rozvíjajúce sa podniky flexibilne reagujúce na meniace sa podmienky podnikania, sledujú a pravidelne vyhodnocujú úroveň podnikovej výkonnosti a investujú do jej zvyšovania. Výkonnosť a stratégia podniku. Prístupy k meraniu výkonnosti podniku. Klasický prístup a ukazovatele finančnej výkonnosti podniku. Moderný prístup k meraniu výkonnosti a hodnotové ukazovatele - čistá súčasná hodnota, ekonomická pridaná hodnota. Ukazovateľ ROE. | ||
| 610 | 2 | 0 | |a podnik |
| 610 | 2 | 0 | |a analýza ekonomická |
| 610 | 2 | 0 | |a analýza finančná |
| 610 | 2 | 0 | |a výkonnosť |
| 610 | 2 | 0 | |a výkony podnikové |
| 610 | 2 | 0 | |a meranie |
| 610 | 2 | 0 | |a hodnota podniku |
| 610 | 2 | 0 | |a ukazovateľ EVA |
| 610 | 2 | 0 | |a ukazovatele |
| 100 | 1 | |a Rybárová, Daniela, 1967- | |